000 00366nam a2200169Ia 4500
003 IT-RoPAU
008 120407s9999 xx 000 0 und d
040 _aIT-RoPAU
040 _cIT-RoPAU
245 _aL'assurdo, il Dada, il surreale (vol. VI)
245 _cAA.VV.
250 _aMilano
260 _aLonganesi
300 _c cm
490 _v1
942 _cBK
999 _c7847
_d7847